ბათუმის შოთა რუსთაველის სახელმწიფო უნივერსიტეტის ბიბლიოთეკა

GURCU HATUN: Selcuklu Gelini-Mevlana Muridesi (ბიბ.ჩანაწერი № 51605)

000 -LEADER
fixed length control field 00666nam a2200253Ia 4500
001 - CONTROL NUMBER
control field 18596
003 - CONTROL NUMBER IDENTIFIER
control field GE_BSU
008 - FIXED-LENGTH DATA ELEMENTS--GENERAL INFORMATION
fixed length control field 181216s||||||||xx |||||||||||||| ||und||
020 ## - INTERNATIONAL STANDARD BOOK NUMBER
International Standard Book Number 9786051801056
040 ## - CATALOGING SOURCE
Transcribing agency GE_BSU
080 ## - UNIVERSAL DECIMAL CLASSIFICATION NUMBER
Universal Decimal Classification number 821.512.161-31
100 ## - MAIN ENTRY--PERSONAL NAME
Personal name TURASVILI, DATO.
245 ## - TITLE STATEMENT
Title GURCU HATUN: Selcuklu Gelini-Mevlana Muridesi
245 ## - TITLE STATEMENT
Remainder of title Roman
260 ## - PUBLICATION, DISTRIBUTION, ETC.
Place of publication, distribution, etc. Istanbul
260 ## - PUBLICATION, DISTRIBUTION, ETC.
Name of publisher, distributor, etc. Baski&cilt
260 ## - PUBLICATION, DISTRIBUTION, ETC.
Date of publication, distribution, etc. 2015
300 ## - PHYSICAL DESCRIPTION
Extent 146p;ill;21cm.
653 ## - INDEX TERM--UNCONTROLLED
Uncontrolled term GURCU HATUN
653 ## - INDEX TERM--UNCONTROLLED
Uncontrolled term Roman
653 ## - INDEX TERM--UNCONTROLLED
Uncontrolled term მხატვრული ლიტერატურა.
653 ## - INDEX TERM--UNCONTROLLED
Uncontrolled term რომანი თურქულ ენაზე.
942 ## - ADDED ENTRY ELEMENTS (KOHA)
Koha item type წიგნი
ეგზემპლარები
Withdrawn status Lost status Damaged status Not for loan Date acquired Barcode Date last seen Price effective from Koha item type
        2018-12-17 48051 2018-12-17 2018-12-17 წიგნი